000 00457nam a2200205Ia 4500
001 14489
003 GE_BSU
008 181216s||||||||xx |||||||||||||| ||und||
020 _a10033044346
040 _cGE_BSU
080 _a821.111-3
100 _aHerriot, James
245 _aIt should't happen to a vet
260 _aLondon
260 _bPan books
260 _c1972
300 _a228p.20cm.
653 _aIt should't happen to a vet
942 _cBK
999 _c47620
_d47620